Global civilization: a buddhist- islamic dialogue (Record no. 30507)

MARC details
000 -LEADER
fixed length control field 00397nam a2200157Ia 4500
020 ## - INTERNATIONAL STANDARD BOOK NUMBER
ISBN 1- 86064- 810- X
050 ## - CALL MARK
Classification number JZ 5538 .I44/
100 ## - STATEMENT OF RESPONSIBILITY--MAIN AUTHOR NAME
Personal name Daisaku Ikeda
245 #0 - TITLE STATEMENT
Title Global civilization: a buddhist- islamic dialogue
260 ## - PUBLICATION, DISTRIBUTION, ETC. (IMPRINT)
Name of publisher British academic press
260 ## - PUBLICATION, DISTRIBUTION, ETC. (IMPRINT)
Year of publication 2000
300 ## - PHYSICAL DESCRIPTION
Number of Pages 197 p
942 ## - ADDED ENTRY ELEMENTS (KOHA)
Koha item type Books
Holdings
Withdrawn status Lost status Source of classification or shelving scheme Damaged status Not for loan Permanent Location Current Location Date acquired Accession Number Price effective from Koha item type
    Library of Congress Classification     NILE UNIVERSITY OF NIGERIA - MAIN LIBRARY NILE UNIVERSITY OF NIGERIA - MAIN LIBRARY 04/23/2025 0004611 04/23/2025 Books